Jeho přísaha /

Hlavní autor: Vydra, Milan
Další autoři: Malá, Barbora
Jazyk: Čeština
Vydáno: Praha : I. Železný, 1997
Vydání: Vyd. 1.
Edice: Knihovnička Večerů pod lampou
Cesta za štěstím
Témata:
Fyzický popis: 58 s. ; 18 cm
Knihy
Uloženo v:
LEADER 01122nam a2200337 a 4500
001 000190191
003 CZ BrMZK
005 20210428102324.0
007 ta
008 960815s1997 xr g j cze d
015 |a cnb000281573 
020 |a 80-7210-490-X 
035 |a (OCoLC)38455508 
040 |a BOA001  |b cze 
072 7 |a 821-31/-34  |x Milostná, dobrodružná, fantastická próza  |2 Konspekt  |9 25 
080 |a 821-322.5  |2 MRF 
080 |a (0:82-322.5)  |2 MRF 
100 1 |a Vydra, Milan  |7 mzk2013782628  |4 aut 
245 1 0 |a Jeho přísaha /  |c Milan Vydra ; upravila Barbora Malá 
250 |a Vyd. 1. 
260 |a Praha :  |b I. Železný,  |c 1997 
300 |a 58 s. ;  |c 18 cm 
490 1 |a Knihovnička Večerů pod lampou ;  |v 230 
490 1 |a Cesta za štěstím ;  |v 230 (12/97) 
655 7 |a milostné povídky  |7 fd132834  |2 czenas 
700 1 |a Malá, Barbora  |7 jx20040217010  |4 com 
830 0 |a Knihovnička Večerů pod lampou 
830 0 |a Cesta za štěstím 
910 |a BOA001  |b 1-1033.787 
990 |a BK 
996 6 |b 2610053561  |c 1-1033.787  |l MZK  |r Sklad / do 1 hodiny  |n 1  |p p.v.  |w 000190191  |u 000010  |a 1  |e BOA001  |j MZK50  |s P